[Event "Prebor DDM 2006 A"]
[Site "?"]
[Date "2006.11.01"]
[Round "5"]
[White "Nemec, Jan"]
[Black "Zuna, Zdenek"]
[Result "1-0"]
[WhiteElo "1887"]
[BlackElo "1769"]
[PlyCount "77"]
[EventDate "2006.10.04"]
[SourceDate "2006.11.01"]

1. e4 d6 2. d4 Nd7 3. c4 Ngf6 4. Nc3 e5 5. Nf3 Be7 6. dxe5 dxe5 7. Be2 c6 8.
O-O O-O 9. a3 a5 10. Qc2 Qc7 11. Bg5 Re8 12. Rad1 Nc5 13. Be3 Bg4 14. Nd2 Ne6
15. f3 Bh5 16. Rfe1 Nd4 17. Qc1 Bc5 18. Na4 Ba7 19. c5 Nd7 20. b4 axb4 21. axb4
b5 22. Nb2 f6 23. Bxd4 exd4 24. Nf1 Bf7 25. Rxd4 Nxc5 26. bxc5 Qe5 27. Rd7
Bxc5+ 28. Kh1 Bf2 29. Red1 Ra2 30. Nd3 Qe6 31. Nxf2 Rxe2 32. R7d2 Rxd2 33. Qxd2
Rc8 34. Ne3 Kf8 35. Qb4+ Ke8 36. Nf5 c5 37. Qxb5+ Kf8 38. Nd6 Rc7 39. Qb8+ 1-0

[Event "Prebor DDM 2006 A"]
[Site "?"]
[Date "2006.11.01"]
[Round "5"]
[White "Rakous, Pavel"]
[Black "Schmidt, Karel"]
[Result "1-0"]
[WhiteElo "1998"]
[BlackElo "1634"]
[PlyCount "61"]
[EventDate "2006.10.04"]
[SourceDate "2006.11.01"]

1. Nf3 d5 2. c4 e6 3. g3 c6 4. Bg2 Nf6 5. O-O Bc5 6. d4 Bd6 7. b3 h6 8. Ne5 Qc7
9. cxd5 Bxe5 10. dxe6 Bxe6 11. dxe5 Qxe5 12. Ba3 Nd5 13. e4 Ne7 14. Nd2 Qc7 15.
Nc4 Bxc4 16. bxc4 c5 17. Qa4+ Nd7 18. Bh3 f5 19. Rad1 Rd8 20. exf5 O-O 21. Rfe1
Nc6 22. Bb2 Nf6 23. Rxd8 Qxd8 24. Qb3 b6 25. Bg2 Ne7 26. Qe3 Nc8 27. Qe6+ Kh7
28. Qc6 Qd2 29. Rb1 Ng4 30. Qg6+ Kh8 31. Qxg7# 1-0

[Event "Prebor DDM 2006 A"]
[Site "?"]
[Date "2006.11.01"]
[Round "5"]
[White "Pokorny, Ondrej"]
[Black "Krivanek, Vladimir"]
[Result "1/2-1/2"]
[WhiteElo "1942"]
[BlackElo "2122"]
[PlyCount "77"]
[EventDate "2006.10.04"]
[SourceDate "2006.11.01"]

1. e4 Nc6 2. d4 d5 3. e5 Bf5 4. f4 e6 5. Be3 Nb4 6. Na3 c5 7. c3 Nc6 8. dxc5
Qa5 9. Nb5 f6 10. b4 Qd8 11. Nd6+ Bxd6 12. exd6 Nh6 13. Nf3 O-O 14. Bb5 Be4 15.
Bxc6 bxc6 16. O-O Qd7 17. Qb3 Rae8 18. Bd4 Nf7 19. Nd2 Bg6 20. c4 e5 21. fxe5
fxe5 22. Bb2 d4 23. Rae1 Nh6 24. Rxf8+ Kxf8 25. b5 Nf5 26. Qf3 cxb5 27. g4 bxc4
28. gxf5 Bf7 29. Ba3 c3 30. Nb3 e4 31. Rxe4 Bd5 32. Rxe8+ Qxe8 33. Qxd5 Qe1+
34. Kg2 Qe2+ 35. Kg3 Qe1+ 36. Kg4 Qg1+ 37. Kh5 Qxh2+ 38. Kg4 h5+ 39. Kg5
1/2-1/2

[Event "Prebor DDM 2006 A"]
[Site "?"]
[Date "2006.11.01"]
[Round "5"]
[White "Kottek, Eduard"]
[Black "Sevcak, Frantisek"]
[Result "1/2-1/2"]
[WhiteElo "1871"]
[BlackElo "2114"]
[PlyCount "92"]
[EventDate "2006.10.04"]
[SourceDate "2006.11.01"]

1. c4 c5 2. Nf3 Nc6 3. d4 cxd4 4. Nxd4 g6 5. Nc3 Bg7 6. e3 Nf6 7. Be2 O-O 8.
O-O d6 9. b3 Bd7 10. Bb2 a6 11. Na4 Nxd4 12. exd4 b5 13. Nc3 Qb6 14. Rc1 Rac8
15. Re1 bxc4 16. Bf3 cxb3 17. axb3 e6 18. Qd2 Qxb3 19. Bd1 Qb4 20. Rb1 Rb8 21.
Bf3 d5 22. Qd3 Rfc8 23. Ba1 Qa3 24. Be2 a5 25. Qd2 Ne8 26. Bb2 Qb4 27. Red1 a4
28. Ba1 Qa5 29. Rxb8 Rxb8 30. Qc2 Nd6 31. Na2 Rc8 32. Qb1 Bb5 33. Bc3 Qa6 34.
Bxb5 Qxb5 35. Bb4 Rb8 36. Qc2 Nc4 37. Bc5 Qb3 38. Qxb3 axb3 39. Nc3 b2 40. Nb1
Bf8 41. Bxf8 Kxf8 42. Kf1 Ke7 43. Ke2 Kd6 44. f4 Rb3 45. g3 f6 46. Kf2 Re3
1/2-1/2

[Event "Prebor DDM 2006 A"]
[Site "?"]
[Date "2006.11.02"]
[Round "13"]
[White "Hrdina, Jiri"]
[Black "Schmidt, Karel"]
[Result "1-0"]
[WhiteElo "1920"]
[BlackElo "1634"]
[PlyCount "37"]
[EventDate "2006.10.04"]
[SourceDate "2006.11.02"]

1. e4 d5 2. exd5 Nf6 3. c4 c6 4. Nc3 cxd5 5. d4 e6 6. Nf3 Nc6 7. Bf4 Bb4 8. a3
Bxc3+ 9. bxc3 Ne4 10. Qc2 Qa5 11. Bd2 O-O 12. Bd3 f5 13. O-O Bd7 14. Rfb1 Rab8
15. Bf4 Nxc3 16. Bd2 dxc4 17. Bxc4 Qc7 18. Qxc3 Ne7 19. Bxe6+ 1-0

[Event "Prebor DDM 2006 A"]
[Site "?"]
[Date "2006.11.02"]
[Round "4"]
[White "Sevcak, Frantisek"]
[Black "Nemec, Jan"]
[Result "1/2-1/2"]
[WhiteElo "2114"]
[BlackElo "1887"]
[PlyCount "91"]
[EventDate "2006.10.04"]
[SourceDate "2006.11.02"]

1. c4 e6 2. d4 d5 3. Nc3 Nf6 4. Nf3 Nbd7 5. e3 c6 6. b3 Bd6 7. Bb2 O-O 8. Bd3
dxc4 9. bxc4 e5 10. O-O Re8 11. Qc2 Qe7 12. Nd2 Ba3 13. d5 Bxb2 14. Qxb2 Nc5
15. Bc2 cxd5 16. cxd5 e4 17. Nc4 b6 18. Rfd1 Ba6 19. Nb5 Bxb5 20. Qxb5 Qd7 21.
a4 Rad8 22. Rd4 Qf5 23. Rad1 Re7 24. d6 Red7 25. f3 Qe6 26. fxe4 Nfxe4 27. Qc6
f5 28. a5 Nc3 29. R1d2 N5e4 30. Bxe4 Nxe4 31. R2d3 bxa5 32. Rd5 a4 33. Re5 Qf6
34. Qxa4 Nxd6 35. Rxd6 Rxd6 36. Re8+ Kf7 37. Nxd6+ Rxd6 38. Ra8 Kg6 39. Rxa7
Qe6 40. Qf4 Rd1+ 41. Kf2 Rd2+ 42. Kf1 Rd7 43. Ra5 Rd5 44. Ra4 Qd6 45. Qxd6+
Rxd6 46. Ke2 1/2-1/2

[Event "Prebor DDM 2006 A"]
[Site "?"]
[Date "2006.11.02"]
[Round "12"]
[White "Kottek, Eduard"]
[Black "Hacaperka, Michal"]
[Result "0-1"]
[WhiteElo "1871"]
[BlackElo "1939"]
[PlyCount "60"]
[EventDate "2006.10.04"]
[SourceDate "2006.11.02"]

1. f4 c5 2. b3 d5 3. Nf3 Nc6 4. e3 a6 5. Be2 Nf6 6. Bb2 b5 7. O-O Bb7 8. Ne5
Rc8 9. d3 d4 10. Nxc6 Bxc6 11. exd4 cxd4 12. Nd2 e6 13. Bf3 Bc5 14. Bxc6+ Rxc6
15. a4 Nd5 16. Qf3 O-O 17. axb5 axb5 18. Ne4 Bb6 19. Rfc1 Qc7 20. Qf2 Ne3 21.
Ra6 Qb7 22. Ra2 Ra8 23. Ra3 Rac8 24. Qf3 Qc7 25. Ra6 Rxc2 26. Rxc2 Qxc2 27.
Rxb6 Qxb2 28. Rc6 Rxc6 29. Nf6+ gxf6 30. Qxc6 Qe2 0-1

[Event "Prebor DDM 2006 A"]
[Site "?"]
[Date "2006.11.08"]
[Round "6"]
[White "Kalab, Jaromir"]
[Black "Vlach, Karel"]
[Result "1-0"]
[WhiteElo "1674"]
[BlackElo "1893"]
[PlyCount "61"]
[EventDate "2006.10.04"]
[SourceDate "2006.11.08"]

1. Nf3 c5 2. e4 Nf6 3. e5 Nd5 4. c4 Nc7 5. d4 cxd4 6. Nxd4 g6 7. Nc3 Bg7 8. f4
d6 9. Nf3 O-O 10. exd6 exd6 11. Be2 Nc6 12. Be3 Re8 13. Qd2 Bf5 14. Rd1 Qe7 15.
Kf2 Rad8 16. Rhe1 d5 17. Nxd5 Nxd5 18. cxd5 Nb4 19. Bb5 Rxd5 20. Bd4 Rxd4 21.
Nxd4 Qh4+ 22. Kf1 Rxe1+ 23. Rxe1 Bf8 24. Nxf5 gxf5 25. Re8 Nc6 26. Bxc6 bxc6
27. g3 Qf6 28. Qd8 Qh6 29. Kg2 c5 30. Qg5+ Qxg5 31. fxg5 1-0

[Event "Prebor DDM 2006 A"]
[Site "?"]
[Date "2006.11.08"]
[Round "6"]
[White "Schmidt, Karel"]
[Black "Sevcak, Frantisek"]
[Result "0-1"]
[WhiteElo "1634"]
[BlackElo "2114"]
[PlyCount "69"]
[EventDate "2006.10.04"]
[SourceDate "2006.11.08"]

1. d4 c5 2. e3 d5 3. Nf3 Nf6 4. Bd3 Nc6 5. O-O Qc7 6. h3 e6 7. Nc3 a6 8. Re1
Bd6 9. b3 cxd4 10. exd4 O-O 11. Bg5 Nb4 12. Qd2 Nxd3 13. Bxf6 gxf6 14. cxd3 Bd7
15. Rec1 Bf4 16. Qd1 Bxc1 17. Rxc1 Rac8 18. Qd2 Kg7 19. Ne5 h6 20. Ng4 Rh8 21.
Ne2 Qd6 22. Qe3 Rxc1+ 23. Qxc1 h5 24. Nh2 e5 25. Nf3 e4 26. Ne1 Bf5 27. Qe3 Bg6
28. f3 f5 29. Nf4 Re8 30. fxe4 fxe4 31. Qg3 Kh6 32. h4 Qf6 33. Qe3 Kh7 34. Nxd5
Qxh4 35. Qf2 0-1

[Event "Prebor DDM 2006 A"]
[Site "?"]
[Date "2006.11.08"]
[Round "6"]
[White "Rakous, Pavel"]
[Black "Pokorny, Ondrej"]
[Result "1/2-1/2"]
[WhiteElo "1998"]
[BlackElo "1942"]
[PlyCount "63"]
[EventDate "2006.10.04"]
[SourceDate "2006.11.08"]

1. Nf3 d5 2. c4 d4 3. e3 dxe3 4. fxe3 c5 5. Be2 Nc6 6. O-O Nf6 7. b4 Nxb4 8. d4
Bf5 9. a3 Nc2 10. Ra2 Nxd4 11. exd4 Bxb1 12. Rb2 Be4 13. d5 Qc7 14. Ng5 Bg6 15.
Bf4 Qd7 16. Qb3 b6 17. Bf3 h6 18. Ne6 Rc8 19. Nxf8 Kxf8 20. Re2 Kg8 21. Be5 Kh7
22. Rfe1 Rhe8 23. Qc3 Bh5 24. Bxf6 Bxf3 25. Qd3+ Kg8 26. Rxe7 Rxe7 27. Rxe7 Qd6
28. Qxf3 gxf6 29. Qg4+ Kf8 30. Rxf7+ Kxf7 31. Qxc8 Qe5 32. Qd7+ 1/2-1/2

[Event "Prebor DDM 2006 A"]
[Site "?"]
[Date "2006.11.08"]
[Round "6"]
[White "Krivanek, Vladimir"]
[Black "Hacaperka, Michal"]
[Result "1-0"]
[WhiteElo "2122"]
[BlackElo "1939"]
[PlyCount "43"]
[EventDate "2006.10.04"]
[SourceDate "2006.11.08"]

1. e4 c5 2. b4 cxb4 3. Bb2 Nc6 4. d4 d5 5. exd5 Qxd5 6. c4 Qe4+ 7. Ne2 Bd7 8.
Nd2 Qf5 9. g3 Nf6 10. Bg2 e6 11. O-O Be7 12. d5 exd5 13. cxd5 Na5 14. Nd4 Qe5
15. Re1 Qd6 16. Qe2 Kd8 17. a3 b3 18. N2xb3 Nxb3 19. Nxb3 Re8 20. Be5 Qa6 21.
Qxa6 bxa6 22. d6 1-0

[Event "Prebor DDM 2006 A"]
[Site "?"]
[Date "2006.11.08"]
[Round "6"]
[White "Zuna, Zdenek"]
[Black "Kottek, Eduard"]
[Result "1-0"]
[WhiteElo "1769"]
[BlackElo "1871"]
[PlyCount "129"]
[EventDate "2006.10.04"]
[SourceDate "2006.11.08"]

1. e4 c5 2. d4 cxd4 3. Nf3 Nc6 4. Nxd4 Nf6 5. Nc3 e5 6. Ndb5 d6 7. Bg5 a6 8.
Na3 b5 9. Nd5 Be7 10. Bxf6 Bxf6 11. c3 O-O 12. Bd3 Bg5 13. O-O Be6 14. Nc2 Bxd5
15. exd5 Ne7 16. a4 bxa4 17. Rxa4 a5 18. Qh5 Ng6 19. Bf5 Qf6 20. Ne3 Bf4 21.
Nc4 Qg5 22. Qxg5 Bxg5 23. Nxd6 Rfd8 24. Ne4 Be7 25. Bxg6 hxg6 26. c4 Bb4 27.
Rc1 Rac8 28. Raa1 Kf8 29. b3 Ke7 30. Kf1 f5 31. Ng3 Kd6 32. Ke2 Rf8 33. f3 g5
34. h3 g6 35. Kd3 Rfe8 36. Ne2 Re7 37. Nc3 Rce8 38. Re1 Rb7 39. Re2 Reb8 40.
Nb5+ Rxb5 41. cxb5 Rxb5 42. Rc2 Rxd5+ 43. Ke2 Ke6 44. Rc6+ Kf7 45. Rd1 Rxd1 46.
Kxd1 Kg7 47. Kc2 Kh6 48. Kd3 Kh5 49. Rc4 f4 50. Re4 Bd6 51. Kc4 Kh4 52. Kb5 Kg3
53. Re2 Bb4 54. Kc4 Bd6 55. Kd5 Bb8 56. Ke6 Ba7 57. Rxe5 Kxg2 58. Rxa5 Be3 59.
Rxg5+ Kxf3 60. Ke5 Bd2 61. Kd4 Be3+ 62. Kd3 Kf2 63. Ke4 f3 64. Rxg6 Ke2 65. Rg3
1-0

[Event "Prebor DDM 2006 A"]
[Site "?"]
[Date "2006.11.09"]
[Round "13"]
[White "Nemec, Jan"]
[Black "Pokorny, Ondrej"]
[Result "0-1"]
[WhiteElo "1887"]
[BlackElo "1942"]
[PlyCount "78"]
[EventDate "2006.10.04"]
[SourceDate "2006.11.09"]

1. d4 d5 2. c4 c6 3. Nf3 Nf6 4. e3 Bg4 5. Nc3 e6 6. Qc2 Nbd7 7. Bd2 Rc8 8. c5
b6 9. b4 Bxf3 10. gxf3 e5 11. O-O-O exd4 12. exd4 Be7 13. Rg1 O-O 14. Bd3 Re8
15. Rg2 bxc5 16. bxc5 Qa5 17. Na4 Qc7 18. Rdg1 g6 19. h4 Kh8 20. Bg5 Rb8 21.
Rh1 Nh5 22. Bd2 Bf6 23. Rg4 Bg7 24. Be3 Rb4 25. Bd2 Rxd4 26. Rxd4 Bxd4 27. Bc3
Qe5 28. Kb2 Rb8+ 29. Ka3 Kg8 30. Bxd4 Qxd4 31. Rb1 Rxb1 32. Qxb1 Nxc5 33. Nxc5
Qxc5+ 34. Ka4 Nf6 35. Qb8+ Kg7 36. Qb2 d4 37. Qe2 Qd6 38. Bc4 Nd5 39. Qd2 Nc3+
0-1

[Event "Prebor DDM 2006 A"]
[Site "?"]
[Date "2006.11.15"]
[Round "7"]
[White "Hrdina, Jiri"]
[Black "Krivanek, Vladimir"]
[Result "1/2-1/2"]
[WhiteElo "1920"]
[BlackElo "2122"]
[PlyCount "73"]
[EventDate "2006.10.04"]
[SourceDate "2006.11.15"]

1. e4 d5 2. exd5 Nf6 3. c4 e6 4. Nf3 exd5 5. d4 Bb4+ 6. Bd2 Qe7+ 7. Qe2 O-O 8.
Qxe7 Bxe7 9. Bd3 Nc6 10. O-O dxc4 11. Bxc4 Bg4 12. Bc3 Bxf3 13. gxf3 Rad8 14.
Rd1 a6 15. d5 Nb4 16. Bxb4 Bxb4 17. Nc3 Bxc3 18. bxc3 Rd6 19. Bb3 Rfd8 20. c4
Nh5 21. Bc2 Kf8 22. Rab1 b6 23. Rb3 Re8 24. Re3 {=} Rdd8 25. Rde1 Nf6 26. Ba4
Rxe3 27. fxe3 Nd7 28. Bxd7 Rxd7 29. e4 Ke7 30. Kf2 Kd6 31. Ke3 f5 32. Kd4 fxe4
33. Rxe4 Rf7 34. Re6+ Kd7 35. Ke4 Rf8 36. h4 Rf7 37. a4 1/2-1/2

[Event "Prebor DDM 2006 A"]
[Site "?"]
[Date "2006.11.15"]
[Round "7"]
[White "Vlach, Karel"]
[Black "Fica, Alexander"]
[Result "1/2-1/2"]
[WhiteElo "1893"]
[BlackElo "1805"]
[PlyCount "74"]
[EventDate "2006.10.04"]
[SourceDate "2006.11.15"]

1. e4 e5 2. Nf3 Nc6 3. Bb5 a6 4. Ba4 Nf6 5. O-O b5 6. Bb3 Be7 7. Re1 O-O 8. a4
Bb7 9. c3 Na5 10. Bc2 c5 11. Nxe5 Qc7 12. Ng4 Nc4 13. d3 Nxg4 14. Qxg4 Ne5 15.
Qh5 Ng6 16. Be3 Bd6 17. Nd2 Rfe8 18. Nf3 Nf4 19. Bxf4 Bxf4 20. Ng5 Bxg5 21.
Qxg5 Re6 22. axb5 Rg6 23. Qe7 Re6 24. Qh4 axb5 25. Rxa8+ Bxa8 26. Ra1 Re8 27.
Qe7 Qc8 28. Qd6 g6 29. Qa6 Qb8 30. Bb3 Bc6 31. Qa2 Qf4 32. g3 Qf6 33. Bd5 Ra8
34. Qb1 Bxd5 35. exd5 Rxa1 36. Qxa1 Qf3 37. Qe1 Qxd5 1/2-1/2

[Event "Prebor DDM 2006 A"]
[Site "?"]
[Date "2006.11.15"]
[Round "7"]
[White "Pokorny, Ondrej"]
[Black "Schmidt, Karel"]
[Result "1-0"]
[WhiteElo "1942"]
[BlackElo "1634"]
[PlyCount "53"]
[EventDate "2006.10.04"]
[SourceDate "2006.11.15"]

1. e4 d5 2. exd5 Nf6 3. c4 c6 4. dxc6 Nxc6 5. Nf3 e5 6. Nc3 Bc5 7. Be2 Bf5 8.
O-O O-O 9. d3 h6 10. a3 a5 11. Kh1 Ng4 12. Kg1 Qb6 13. Qe1 a4 14. Nd5 Qd8 15.
h3 Nf6 16. Nxf6+ Qxf6 17. Bd2 Rfd8 18. Bc3 Bxd3 19. Bxd3 Rxd3 20. Qe2 Rad8 21.
Rae1 Qg6 22. Bxe5 f6 23. Bc3 Kh7 24. Qe4 f5 25. Qe6 Qh5 26. Ne5 Rg3 27. Kh2 1-0

[Event "Prebor DDM 2006 A"]
[Site "?"]
[Date "2006.11.16"]
[Round "13"]
[White "Vlach, Karel"]
[Black "Hacaperka, Michal"]
[Result "1-0"]
[WhiteElo "1893"]
[BlackElo "1939"]
[PlyCount "49"]
[EventDate "2006.10.04"]
[SourceDate "2006.11.16"]

1. d4 Nf6 2. Nf3 g6 3. c4 Bg7 4. Nc3 O-O 5. g3 d6 6. Bg2 Nbd7 7. O-O e5 8. Bg5
h6 9. dxe5 hxg5 10. exf6 Bxf6 11. Qd2 g4 12. Nd4 Bg5 13. Qc2 a6 14. Rad1 Ne5
15. c5 Qe7 16. Nd5 Qd8 17. cxd6 Qxd6 18. Nxc7 Rb8 19. Nde6 Qe7 20. Nxf8 Kxf8
21. Nd5 Qe6 22. Qc7 Nc6 23. Nc3 Qe7 24. Qb6 Qe5 25. Rd5 1-0

[Event "Prebor DDM 2006 A"]
[Site "?"]
[Date "2006.11.16"]
[Round "13"]
[White "Kottek, Eduard"]
[Black "Rakous, Pavel"]
[Result "0-1"]
[WhiteElo "1871"]
[BlackElo "1998"]
[PlyCount "78"]
[EventDate "2006.10.04"]
[SourceDate "2006.11.16"]

1. c4 Nf6 2. Nc3 e6 3. e4 d6 4. d4 Be7 5. Be2 O-O 6. Nf3 b5 7. cxb5 Bb7 8. Qc2
a6 9. O-O axb5 10. Bxb5 Ra5 11. Re1 c6 12. Bd3 Na6 13. Qb3 Qa8 14. Bd2 Rh5 15.
a3 c5 16. Be3 Ng4 17. Qd1 Nxe3 18. fxe3 Rh6 19. Nd2 d5 20. e5 f5 21. exf6 Rfxf6
22. Qe2 Bd6 23. g3 e5 24. Nb5 cxd4 25. Nxd6 Rxd6 26. exd4 e4 27. Bb5 Qa7 28.
Nb3 Rb6 29. Rac1 Qb8 30. a4 Nc7 31. Nc5 Nxb5 32. axb5 Bc8 33. Nxe4 dxe4 34.
Qxe4 Bb7 35. d5 Rxb5 36. Rc7 Qf8 37. Qe8 $4 (37. Rf1 Rf6 (37... Qd8 38. Rff7
Bxd5 39. Rxg7+ Kf8 40. Qf5+ Rf6 41. Rgd7) 38. Rxf6 Qxf6 39. Qe8+ Qf8 40. Qxb5)
37... Rxb2 38. Rxg7+ Kxg7 39. Re7+ Kg8 0-1

[Event "Prebor DDM 2006 A"]
[Site "?"]
[Date "2006.11.22"]
[Round "8"]
[White "Krivanek, Vladimir"]
[Black "Vlach, Karel"]
[Result "0-1"]
[WhiteElo "2122"]
[BlackElo "1893"]
[PlyCount "78"]
[EventDate "2006.10.04"]
[SourceDate "2006.11.22"]

1. e4 d5 2. exd5 Nf6 3. Nc3 Nxd5 4. Bc4 Nb6 5. Bb3 Nc6 6. Nge2 e5 7. O-O Be7 8.
d3 O-O 9. a4 Na5 10. Ba2 Bg4 11. f3 Bh5 12. Be3 Kh8 13. Qe1 a6 14. Rd1 Nc6 15.
d4 exd4 16. Nxd4 Nxd4 17. Bxd4 Nd7 18. Ne4 Bg6 19. Qc3 f6 20. b4 a5 21. bxa5
Bxe4 22. fxe4 Bd6 23. Rf5 Qe7 24. Re1 Bb4 25. Qg3 Bxe1 26. Qxe1 Rae8 27. Rf4
Qd6 28. Qf2 Qa3 29. c3 Qc1+ 30. Qf1 Qxf1+ 31. Kxf1 Ra8 32. Be6 Ne5 33. Rh4 Rxa5
34. Ke2 Ng6 35. Rg4 Rxa4 36. h4 Re8 37. Bd7 Ra2+ 38. Kf1 Rea8 39. Be6 R2a5 0-1

[Event "Prebor DDM 2006 A"]
[Site "?"]
[Date "2006.11.22"]
[Round "8"]
[White "Kalab, Jaromir"]
[Black "Kottek, Eduard"]
[Result "1/2-1/2"]
[WhiteElo "1674"]
[BlackElo "1871"]
[PlyCount "55"]
[EventDate "2006.10.04"]
[SourceDate "2006.11.22"]

1. e4 c5 2. a3 g6 3. c3 Bg7 4. d4 d5 5. e5 Nc6 6. f4 Qb6 7. dxc5 Qxc5 8. b4 Qb6
9. Qxd5 Be6 10. Qf3 Nh6 11. Be3 Qc7 12. Be2 Nf5 13. Bf2 h5 14. h4 Nh6 15. Nh3
Bg4 16. Qd3 Rd8 17. Qc2 Bf5 18. Qa2 Bd3 19. Bxd3 Rxd3 20. Qc2 Qd7 21. Nd2 O-O
22. O-O-O Rc8 23. Ne4 Rxd1+ 24. Rxd1 Qf5 25. Neg5 Qg4 26. Qe4 Nf5 27. Qd5 Nh6
28. Rd3 1/2-1/2

[Event "Prebor DDM 2006 A"]
[Site "?"]
[Date "2006.11.22"]
[Round "8"]
[White "Fica, Alexander"]
[Black "Nemec, Jan"]
[Result "1/2-1/2"]
[WhiteElo "1805"]
[BlackElo "1887"]
[PlyCount "91"]
[EventDate "2006.10.04"]
[SourceDate "2006.11.22"]

1. d4 d5 2. Nf3 Nf6 3. c4 c6 4. cxd5 cxd5 5. Nc3 Nc6 6. e3 e6 7. Bb5 Bd6 8. Qc2
O-O 9. a3 Bd7 10. Bd3 Rc8 11. Ng5 h6 12. h4 hxg5 13. hxg5 Ne4 14. Bxe4 dxe4 15.
f4 g6 16. Qf2 Kg7 17. Nxe4 Be7 18. Bd2 Rh8 19. Ke2 Nb8 20. Bc3 Bb5+ 21. Kd2 Qd5
22. Ng3 Rxh1 23. Rxh1 Rxc3 24. Kxc3 Qc4+ 25. Kd2 Qa2 26. Kc1 Bxa3 27. Qc2 Qa1+
28. Qb1 Bxb2+ 29. Kc2 Ba4+ 30. Kd2 Qa3 31. Ke2 Bb5+ 32. Kf2 a6 33. Rh6 Qc3 34.
Nh5+ Kf8 35. Rh8+ Ke7 36. Rxb8 gxh5 37. Rxb7+ Kd6 38. Rxf7 Qd2+ 39. Kg1 Bd3 40.
Qa2 Qxe3+ 41. Kh2 Bxd4 42. Qa3+ Bc5 43. Qa1 Qd4 44. Qe1 Bf5 45. Qf1 Qd3 46. Qe1
1/2-1/2

[Event "Prebor DDM 2006 A"]
[Site "?"]
[Date "2006.11.22"]
[Round "8"]
[White "Rakous, Pavel"]
[Black "Hrdina, Jiri"]
[Result "1-0"]
[WhiteElo "1998"]
[BlackElo "1920"]
[PlyCount "93"]
[EventDate "2006.10.04"]
[SourceDate "2006.11.22"]

1. Nf3 Nf6 2. c4 g6 3. b4 Bg7 4. Bb2 O-O 5. g3 b6 6. Bg2 Bb7 7. c5 Na6 8. cxb6
cxb6 9. a3 d5 10. O-O Rc8 11. d3 Nc7 12. Nbd2 Nb5 13. Rc1 Rxc1 14. Qxc1 Qc7 15.
Qa1 Rc8 16. Rc1 Qd8 17. a4 Nd6 18. Bh3 Rxc1+ 19. Qxc1 Bc8 20. Bg2 Bd7 21. Qa1
Qc7 22. Ne5 Be8 23. b5 Qc2 24. Nef3 Bd7 25. Bc3 Nh5 26. Bxg7 Nxg7 27. h3 e6 28.
Qf6 Qc8 29. Kh2 Qf8 30. Ne5 Nh5 31. Qf3 Qe7 32. e4 dxe4 33. dxe4 Be8 34. Qd3 f6
35. Nec4 Nb7 36. e5 Nc5 37. Qc2 f5 38. Nd6 Ng7 39. N2c4 g5 40. a5 Nd7 41. a6
Bh5 42. Qc3 Nc5 43. Nc8 Qc7 44. N4d6 Be2 45. Qe3 Bxb5 46. Qxg5 Bxa6 47. Ne7+
1-0

[Event "Prebor DDM 2006 A"]
[Site "?"]
[Date "2006.11.22"]
[Round "8"]
[White "Pokorny, Ondrej"]
[Black "Hacaperka, Michal"]
[Result "1-0"]
[WhiteElo "1942"]
[BlackElo "1939"]
[PlyCount "157"]
[EventDate "2006.10.04"]
[SourceDate "2006.11.23"]

1. e4 c5 2. Nf3 Nc6 3. d4 cxd4 4. Nxd4 Nf6 5. Nc3 e5 6. Ndb5 d6 7. Bg5 a6 8.
Na3 b5 9. Nd5 Be7 10. Bxf6 Bxf6 11. Be2 Bg5 12. O-O O-O 13. Bg4 Bb7 14. c4 b4
15. Nc2 a5 16. Qd3 Ne7 17. Nce3 g6 18. Rad1 Ra6 19. g3 Nxd5 20. Nxd5 Bxd5 21.
Qxd5 Kg7 22. f4 exf4 23. gxf4 Bf6 24. b3 Qb6+ 25. Kg2 h5 26. Be2 Qe3 27. Bd3 g5
28. Rf3 Qc5 29. e5 Be7 30. Qe4 Rh8 31. e6 f5 32. Qxf5 Qxf5 33. Bxf5 g4 34. Re3
Kf6 35. Rd5 Rc8 36. Bb1 Rc5 37. Red3 a4 38. Kg3 Kxe6 39. Re3+ Kf6 40. Rxc5 dxc5
41. Re5 axb3 42. axb3 Ra1 43. Be4 Re1 44. Rf5+ Ke6 45. Re5+ Kf6 46. Kf2 Rc1 47.
Rxh5 Rc3 48. Rf5+ Ke6 49. Re5+ Kf6 50. Bd5 Bf8 51. Re3 Rxe3 52. Kxe3 Kf5 53.
Be4+ Ke6 54. Kf2 Bg7 55. Kg3 Bd4 56. Kxg4 Kf6 57. h4 Kg7 58. h5 Kh6 59. Bg6 Be3
60. Kf5 Bd4 61. Ke6 Kg7 62. f5 Bc3 63. Be8 Kf8 64. f6 Bd2 65. Bg6 Bf4 66. Kd5
Be3 67. h6 Bxh6 68. Kxc5 Bg5 69. Kxb4 Bxf6 70. Kc5 Ke7 71. Kc6 Bc3 72. c5 Kd8
73. Bf5 Bb4 74. Kb5 Bd2 75. Kb6 Bb4 76. c6 Bd6 77. b4 Be5 78. Kb7 Bc7 79. b5
1-0

[Event "Prebor DDM 2006 A"]
[Site "?"]
[Date "2006.11.23"]
[Round "13"]
[White "Sevcak, Frantisek"]
[Black "Krivanek, Vladimir"]
[Result "1-0"]
[WhiteElo "2114"]
[BlackElo "2122"]
[PlyCount "53"]
[EventDate "2006.10.04"]
[SourceDate "2006.11.23"]

1. c4 e5 2. Nc3 Bb4 3. Nf3 Bxc3 4. bxc3 e4 5. Nd4 d6 6. d3 f5 7. g3 Nf6 8. Bg2
O-O 9. O-O Nc6 10. Bg5 Ne5 11. dxe4 fxe4 12. Bxe4 h6 13. Bxf6 Qxf6 14. f4 Ng4
15. Qd3 Qe7 16. Rab1 c6 17. h3 Nf6 18. Bg2 Re8 19. Kh2 c5 20. Nb5 Qxe2 21. Qg6
Bd7 22. Nxd6 Bc6 23. Rg1 Red8 24. Nf5 Rd7 25. Rbe1 Qxa2 26. Re6 Rd2 27. Qxg7#
1-0

[Event "Prebor DDM 2006 A"]
[Site "?"]
[Date "2006.11.23"]
[Round "9"]
[White "Hacaperka, Michal"]
[Black "Schmidt, Karel"]
[Result "1-0"]
[WhiteElo "1939"]
[BlackElo "1634"]
[PlyCount "63"]
[EventDate "2006.10.04"]
[SourceDate "2006.11.23"]

1. e4 d5 2. exd5 Nf6 3. Bb5+ Bd7 4. Be2 Nxd5 5. d4 Bf5 6. a3 c6 7. c4 Nf6 8.
Nf3 Nbd7 9. Nc3 e6 10. Bf4 h6 11. O-O Nh5 12. Bc1 Nhf6 13. b4 Qc7 14. Re1 Bd6
15. Bd3 Bxd3 16. Qxd3 O-O 17. g3 Qb8 18. Ra2 Rd8 19. Qb1 b5 20. c5 Bc7 21. Rae2
a5 22. Ne5 Nxe5 23. dxe5 Nd5 24. Nd1 axb4 25. axb4 Ra4 26. Bd2 Qa7 27. Kg2 Ne7
28. Nc3 Ra3 29. Qb2 Nd5 30. Nxd5 Rxd5 31. Bc3 Qa4 32. Ra1 1-0

[Event "Prebor DDM 2006 A"]
[Site "?"]
[Date "2006.11.29"]
[Round "9"]
[White "Vlach, Karel"]
[Black "Rakous, Pavel"]
[Result "1/2-1/2"]
[WhiteElo "1893"]
[BlackElo "1998"]
[PlyCount "69"]
[EventDate "2006.10.04"]
[SourceDate "2006.11.29"]

1. d4 Nf6 2. c4 c5 3. Nf3 g6 4. Nc3 Bg7 5. g3 O-O 6. Bg2 cxd4 7. Nxd4 d6 8. O-O
a6 9. Qb3 Qc7 10. Bg5 Nbd7 11. Rfd1 Rb8 12. Rac1 e5 13. Bxf6 Nxf6 14. Nd5 Qd8
15. Nc6 bxc6 16. Nxf6+ Qxf6 17. Qxb8 d5 18. cxd5 Bg4 19. Qb6 Bxe2 20. Rxc6 Qf5
21. Rdc1 Bb5 22. R6c3 e4 23. Re3 Qxd5 24. Rxe4 Qd2 25. Rce1 Bxb2 26. a4 Bd3 27.
Qe3 Qc2 28. Re8 Qc4 29. Qh6 Bg7 30. Rxf8+ Kxf8 31. Qg5 Bd4 32. Bd5 Qc5 33. Rc1
Bxf2+ 34. Kg2 Be4+ 35. Kf1 1/2-1/2

[Event "Prebor DDM 2006 A"]
[Site "?"]
[Date "2006.11.29"]
[Round "9"]
[White "Hrdina, Jiri"]
[Black "Pokorny, Ondrej"]
[Result "1/2-1/2"]
[WhiteElo "1920"]
[BlackElo "1942"]
[PlyCount "39"]
[EventDate "2006.10.04"]
[SourceDate "2006.11.29"]

1. e4 e5 2. Nf3 Nc6 3. Bb5 f5 4. d4 fxe4 5. Bxc6 bxc6 6. Nxe5 Nf6 7. O-O c5 8.
Nc3 Bb7 9. Re1 Be7 10. Bg5 O-O 11. Bxf6 gxf6 12. Qg4+ Kh8 13. Ng6+ hxg6 14.
Qxg6 Qe8 15. Qh6+ Kg8 16. Re3 Bd6 17. Rh3 Qe7 18. Qh8+ Kf7 19. Qh5+ Kg8 20.
Qh8+ 1/2-1/2

[Event "Prebor DDM 2006 A"]
[Site "?"]
[Date "2006.11.29"]
[Round "9"]
[White "Kottek, Eduard"]
[Black "Fica, Alexander"]
[Result "1-0"]
[WhiteElo "1871"]
[BlackElo "1805"]
[PlyCount "63"]
[EventDate "2006.10.04"]
[SourceDate "2006.11.29"]

1. f4 Nf6 2. b3 d5 3. Nf3 Nc6 4. e3 a6 5. Bb2 Bf5 6. Be2 Nb4 7. d3 g6 8. Ne5
Bg7 9. a3 Nc6 10. Nxc6 bxc6 11. g4 Nxg4 12. Bxg7 Nxe3 13. Qd2 Ng2+ 14. Kf2 Rg8
15. Bh6 g5 16. fxg5 Nh4 17. Qf4 Qd6 18. Qxh4 Qc5+ 19. Kf3 Qxc2 20. Qf4 Bg6 21.
Nd2 Bh5+ 22. Kf2 Bxe2 23. Kxe2 Rg6 24. Rhe1 Rd8 25. Rac1 Re6+ 26. Kf2 Rxe1 27.
Rxe1 Qxd3 28. Qe3 Qxe3+ 29. Rxe3 e6 30. b4 Kd7 31. Bg7 Rb8 32. Nb3 1-0